[Event "ODJM A 2025"]
[Site "Willingen GER"]
[Date "2025.06.08"]
[Round "1"]
[White "Winkler, Yonathan"]
[Black "Hoffmann, Alexander"]
[Result "1-0"]
[Termination "normal"]
[Board "10"]
[WhiteElo "2201"]
[BlackElo "1907"]
[WhiteClock "00:19:36"]
[BlackClock "00:11:50"]
[PlyCount "85"]
[WhiteFideId "16266080"]
[BlackFideId "16240219"]
[EventCountry "GER"]
[EventRounds "9"]
[EventType "swiss"]
[EventDate "2025.06.07"]

1. e4 {[%clk 01:30:57]} {[%emt 00:00:01]} c5 {[%clk 01:30:53]} {[%emt
00:00:09]} 2. Nf3 {[%clk 01:31:20]} {[%emt 00:00:05]} e6 {[%clk 01:31:18]}
{[%emt 00:00:06]} 3. d4 {[%clk 01:31:44]} {[%emt 00:00:06]} cxd4 {[%clk
01:31:42]} {[%emt 00:00:07]} 4. Nxd4 {[%clk 01:32:08]} {[%emt 00:00:06]} a6
{[%clk 01:32:05]} {[%emt 00:00:07]} 5. c4 {[%clk 01:31:54]} {[%emt 00:00:45]}
Nf6 {[%clk 01:32:14]} {[%emt 00:00:20]} 6. Nc3 {[%clk 01:32:09]} {[%emt
00:00:15]} Qc7 {[%clk 01:32:13]} {[%emt 00:00:31]} 7. a3 {[%clk 01:31:27]}
{[%emt 00:01:11]} b6 {[%clk 01:31:47]} {[%emt 00:00:57]} 8. Be3 {[%clk
01:29:11]} {[%emt 00:02:45]} Bb7 {[%clk 01:30:50]} {[%emt 00:01:28]} 9. f3
{[%clk 01:27:40]} {[%emt 00:02:00]} Be7 {[%clk 01:29:32]} {[%emt 00:01:49]} 10.
Be2 {[%clk 01:25:11]} {[%emt 00:02:59]} d6 {[%clk 01:26:09]} {[%emt 00:03:54]}
11. O-O {[%clk 01:24:32]} {[%emt 00:01:07]} O-O {[%clk 01:26:14]} {[%emt
00:00:26]} 12. Rc1 {[%clk 01:16:34]} {[%emt 00:08:26]} Nbd7 {[%clk 01:24:55]}
{[%emt 00:01:50]} 13. Qd2 {[%clk 01:12:43]} {[%emt 00:04:22]} Rac8 {[%clk
01:23:16]} {[%emt 00:02:09]} 14. Rfd1 {[%clk 01:10:12]} {[%emt 00:02:59]} Qb8
{[%clk 01:20:52]} {[%emt 00:02:56]} 15. b4 {[%clk 01:02:00]} {[%emt 00:08:42]}
Qa8 {[%clk 01:12:26]} {[%emt 00:09:35]} 16. Nb3 {[%clk 00:56:29]} {[%emt
00:05:22]} d5 {[%clk 00:57:46]} {[%emt 00:15:10]} 17. cxd5 {[%clk 00:55:05]}
{[%emt 00:01:54]} exd5 {[%clk 00:56:14]} {[%emt 00:02:01]} 18. exd5 {[%clk
00:54:56]} {[%emt 00:00:40]} Bd6 {[%clk 00:54:49]} {[%emt 00:01:55]} 19. Nd4
{[%clk 00:47:50]} {[%emt 00:07:36]} g6 {[%clk 00:38:08]} {[%emt 00:17:11]} 20.
Nc6 {[%clk 00:42:54]} {[%emt 00:05:26]} Rfe8 {[%clk 00:34:46]} {[%emt
00:03:52]} 21. Ne4 {[%clk 00:35:53]} {[%emt 00:07:30]} Bf8 {[%clk 00:27:18]}
{[%emt 00:08:00]} 22. Bg5 {[%clk 00:27:39]} {[%emt 00:08:43]} Bxc6 {[%clk
00:18:13]} {[%emt 00:09:35]} 23. Bxf6 {[%clk 00:25:04]} {[%emt 00:03:05]} Ba4
{[%clk 00:17:44]} {[%emt 00:00:59]} 24. Rxc8 {[%clk 00:20:38]} {[%emt
00:04:56]} Rxc8 {[%clk 00:17:56]} {[%emt 00:00:17]} 25. Rc1 {[%clk 00:17:48]}
{[%emt 00:03:20]} Rxc1+ {[%clk 00:16:02]} {[%emt 00:02:25]} 26. Qxc1 {[%clk
00:18:13]} {[%emt 00:00:05]} Nxf6 {[%clk 00:15:36]} {[%emt 00:00:56]} 27. Nxf6+
{[%clk 00:18:21]} {[%emt 00:00:22]} Kh8 {[%clk 00:15:59]} {[%emt 00:00:06]} 28.
Qc7 {[%clk 00:17:36]} {[%emt 00:01:17]} Bb5 {[%clk 00:12:00]} {[%emt 00:04:28]}
29. Qxf7 {[%clk 00:16:42]} {[%emt 00:01:24]} Bg7 {[%clk 00:12:24]} {[%emt
00:00:05]} 30. Bxb5 {[%clk 00:16:37]} {[%emt 00:00:36]} axb5 {[%clk 00:12:42]}
{[%emt 00:00:13]} 31. Ne8 {[%clk 00:16:08]} {[%emt 00:00:58]} Bh6 {[%clk
00:11:06]} {[%emt 00:02:07]} 32. Nf6 {[%clk 00:16:32]} {[%emt 00:00:05]} Bg7
{[%clk 00:11:11]} {[%emt 00:00:25]} 33. Qe8+ {[%clk 00:16:56]} {[%emt
00:00:05]} Qxe8 {[%clk 00:11:32]} {[%emt 00:00:10]} 34. Nxe8 {[%clk 00:17:20]}
{[%emt 00:00:05]} Bd4+ {[%clk 00:10:49]} {[%emt 00:01:14]} 35. Kf1 {[%clk
00:17:44]} {[%emt 00:00:06]} Kg8 {[%clk 00:11:00]} {[%emt 00:00:20]} 36. Nd6
{[%clk 00:17:25]} {[%emt 00:00:48]} Be5 {[%clk 00:10:56]} {[%emt 00:00:33]} 37.
Nxb5 {[%clk 00:17:49]} {[%emt 00:00:06]} Kf8 {[%clk 00:10:34]} {[%emt
00:00:51]} 38. a4 {[%clk 00:17:31]} {[%emt 00:00:50]} Ke7 {[%clk 00:10:33]}
{[%emt 00:00:31]} 39. a5 {[%clk 00:17:56]} {[%emt 00:00:05]} bxa5 {[%clk
00:10:51]} {[%emt 00:00:13]} 40. bxa5 {[%clk 00:18:21]} {[%emt 00:00:04]} Kd7
{[%clk 00:11:08]} {[%emt 00:00:14]} 41. a6 {[%clk 00:18:46]} {[%emt 00:00:05]}
Kc8 {[%clk 00:11:27]} {[%emt 00:00:11]} 42. a7 {[%clk 00:19:10]} {[%emt
00:00:06]} Kb7 {[%clk 00:11:50]} {[%emt 00:00:07]} 43. d6 {[%clk 00:19:36]}
{[%emt 00:00:04]} 1-0

[Event "ODJM A 2025"]
[Site "Willingen GER"]
[Date "2025.06.08"]
[Round "1"]
[White "Bergmann, Lennart"]
[Black "Melde, Benjamin"]
[Result "1-0"]
[Termination "normal"]
[Board "11"]
[WhiteElo "1860"]
[BlackElo "2065"]
[WhiteClock "00:04:59"]
[BlackClock "00:02:16"]
[PlyCount "85"]
[WhiteFideId "16270657"]
[BlackFideId "12958816"]
[EventCountry "GER"]
[EventRounds "9"]
[EventType "swiss"]
[EventDate "2025.06.07"]

1. Nf3 {[%clk 01:30:49]} {[%emt 00:00:11]} Nf6 {[%clk 01:30:43]} {[%emt
00:00:17]} 2. d3 {[%clk 01:30:54]} {[%emt 00:00:25]} g6 {[%clk 01:28:00]}
{[%emt 00:03:14]} 3. g3 {[%clk 01:29:17]} {[%emt 00:02:06]} Bg7 {[%clk
01:28:21]} {[%emt 00:00:10]} 4. Bg2 {[%clk 01:29:41]} {[%emt 00:00:05]} O-O
{[%clk 01:28:45]} {[%emt 00:00:07]} 5. O-O {[%clk 01:30:07]} {[%emt 00:00:03]}
c5 {[%clk 01:28:49]} {[%emt 00:00:26]} 6. e4 {[%clk 01:30:25]} {[%emt
00:00:11]} Nc6 {[%clk 01:29:06]} {[%emt 00:00:14]} 7. c3 {[%clk 01:28:46]}
{[%emt 00:02:10]} d6 {[%clk 01:18:15]} {[%emt 00:11:20]} 8. Re1 {[%clk
01:24:14]} {[%emt 00:05:01]} e5 {[%clk 01:13:52]} {[%emt 00:04:54]} 9. a3
{[%clk 01:24:35]} {[%emt 00:00:09]} a5 {[%clk 01:09:08]} {[%emt 00:05:14]} 10.
a4 {[%clk 01:22:26]} {[%emt 00:02:39]} h6 {[%clk 01:08:12]} {[%emt 00:01:25]}
11. Na3 {[%clk 01:19:50]} {[%emt 00:03:08]} Re8 {[%clk 01:06:28]} {[%emt
00:02:15]} 12. Nc4 {[%clk 01:15:30]} {[%emt 00:04:49]} Be6 {[%emt 00:11:07]}
13. Qb3 {[%clk 01:06:58]} {[%emt 00:00:33]} d5 {[%clk 00:49:41]} {[%emt
00:15:08]} 14. exd5 {[%clk 00:57:51]} {[%emt 00:09:38]} Bxd5 {[%clk 00:49:55]}
{[%emt 00:00:16]} 15. Qb5 {[%clk 00:55:55]} {[%emt 00:02:25]} e4 {[%clk
00:34:09]} {[%emt 00:16:17]} 16. dxe4 {[%clk 00:55:21]} {[%emt 00:01:03]} Na7
{[%clk 00:27:57]} {[%emt 00:06:42]} 17. Qxe8+ {[%clk 00:42:01]} {[%emt
00:13:50]} Nxe8 {[%clk 00:27:05]} {[%emt 00:01:21]} 18. exd5 {[%clk 00:42:29]}
{[%emt 00:00:01]} Nc8 {[%clk 00:24:28]} {[%emt 00:03:08]} 19. Be3 {[%clk
00:33:21]} {[%emt 00:09:38]} Nb6 {[%clk 00:21:41]} {[%emt 00:03:19]} 20. Nfe5
{[%clk 00:31:24]} {[%emt 00:02:27]} Nd6 {[%clk 00:18:21]} {[%emt 00:03:48]} 21.
Nxd6 {[%clk 00:22:11]} {[%emt 00:09:43]} Qxd6 {[%clk 00:18:07]} {[%emt
00:00:43]} 22. Bf4 {[%clk 00:22:34]} {[%emt 00:00:07]} Qf6 {[%clk 00:11:10]}
{[%emt 00:07:28]} 23. Ng4 {[%clk 00:21:07]} {[%emt 00:01:57]} Qf5 {[%clk
00:11:31]} {[%emt 00:00:09]} 24. Ne3 {[%clk 00:15:00]} {[%emt 00:06:37]} Qd7
{[%clk 00:11:52]} {[%emt 00:00:09]} 25. h4 {[%clk 00:15:12]} {[%emt 00:00:18]}
Re8 {[%clk 00:09:09]} {[%emt 00:03:13]} 26. Rad1 {[%clk 00:13:45]} {[%emt
00:01:57]} Nxa4 {[%clk 00:07:37]} {[%emt 00:02:03]} 27. Nc4 {[%clk 00:11:06]}
{[%emt 00:03:09]} b5 {[%clk 00:04:58]} {[%emt 00:03:08]} 28. Rxe8+ {[%clk
00:11:25]} {[%emt 00:00:11]} Qxe8 {[%clk 00:05:26]} {[%emt 00:00:01]} 29. d6
{[%clk 00:11:40]} {[%emt 00:00:16]} Qe2 {[%clk 00:03:44]} {[%emt 00:02:12]} 30.
Ne3 {[%clk 00:09:01]} {[%emt 00:03:08]} Bf6 {[%clk 00:03:21]} {[%emt 00:00:54]}
31. Bxh6 {[%clk 00:07:45]} {[%emt 00:01:47]} Nxb2 {[%clk 00:03:14]} {[%emt
00:00:37]} 32. Rd5 {[%clk 00:07:47]} {[%emt 00:00:27]} Nd3 {[%clk 00:02:13]}
{[%emt 00:01:31]} 33. Ng4 {[%clk 00:04:35]} {[%emt 00:03:43]} Qxg4 {[%clk
00:00:54]} {[%emt 00:01:48]} 34. Rxd3 {[%clk 00:04:59]} {[%emt 00:00:07]} a4
{[%clk 00:01:14]} {[%emt 00:00:10]} 35. Bg5 {[%clk 00:04:06]} {[%emt 00:01:23]}
Bxg5 36. hxg5 {[%clk 00:04:35]} Qxg5 {[%clk 00:01:22]} {[%emt 00:00:11]} 37. d7
{[%clk 00:04:52]} {[%emt 00:00:12]} Qd8 {[%clk 00:01:09]} {[%emt 00:00:43]} 38.
Bc6 {[%clk 00:04:22]} {[%emt 00:01:00]} a3 {[%clk 00:01:09]} {[%emt 00:00:32]}
39. Re3 {[%clk 00:04:42]} {[%emt 00:00:10]} a2 {[%clk 00:01:21]} {[%emt
00:00:17]} 40. Re8+ {[%clk 00:04:47]} {[%emt 00:00:25]} Kg7 {[%clk 00:01:46]}
{[%emt 00:00:05]} 41. Rxd8 {[%clk 00:05:11]} {[%emt 00:00:06]} a1=Q+ {[%clk
00:02:10]} {[%emt 00:00:06]} 42. Kg2 {[%clk 00:05:28]} {[%emt 00:00:13]} Qxc3
{[%clk 00:02:16]} {[%emt 00:00:24]} 43. Rb8 {[%clk 00:04:59]} {[%emt 00:00:59]}
1-0

[Event "ODJM A 2025"]
[Site "Willingen GER"]
[Date "2025.06.08"]
[Round "1"]
[White "Paeslack, Luis"]
[Black "Abou Wally, Adrian"]
[Result "0-1"]
[Termination "normal"]
[Board "12"]
[WhiteElo "2091"]
[BlackElo "1947"]
[WhiteClock "00:01:26"]
[BlackClock "00:03:42"]
[PlyCount "58"]
[WhiteFideId "12987760"]
[BlackFideId "16245113"]
[EventCountry "GER"]
[EventRounds "9"]
[EventType "swiss"]
[EventDate "2025.06.07"]

1. d4 {[%clk 01:30:43]} {[%emt 00:00:16]} Nf6 {[%clk 01:30:55]} {[%emt
00:00:05]} 2. c4 {[%clk 01:30:51]} {[%emt 00:00:21]} g6 {[%clk 01:30:59]}
{[%emt 00:00:29]} 3. f3 {[%clk 01:30:41]} {[%emt 00:00:38]} d6 {[%clk
01:29:58]} {[%emt 00:01:31]} 4. e4 {[%clk 01:29:17]} {[%emt 00:01:55]} Bg7
{[%clk 01:30:23]} {[%emt 00:00:05]} 5. Be3 {[%clk 01:29:01]} {[%emt 00:00:45]}
O-O {[%clk 01:30:47]} {[%emt 00:00:07]} 6. Nc3 {[%clk 01:27:47]} {[%emt
00:01:43]} Nbd7 {[%clk 01:31:09]} {[%emt 00:00:08]} 7. Qd2 {[%clk 01:26:44]}
{[%emt 00:01:34]} a6 {[%clk 01:31:01]} {[%emt 00:00:38]} 8. O-O-O {[%clk
01:22:40]} {[%emt 00:04:33]} e5 {[%clk 01:06:42]} {[%emt 00:24:50]} 9. d5
{[%clk 01:14:36]} {[%emt 00:08:34]} Nc5 {[%emt 00:13:29]} 10. g4 {[%clk
00:42:46]} {[%emt 00:23:06]} Bd7 {[%clk 00:57:48]} {[%emt 00:05:40]} 11. Bh6
{[%clk 00:35:14]} {[%emt 00:08:01]} b5 {[%clk 00:52:02]} {[%emt 00:06:16]} 12.
b4 {[%clk 00:23:48]} {[%emt 00:11:56]} Nb7 {[%clk 00:50:27]} {[%emt 00:02:05]}
13. h4 {[%clk 00:21:20]} {[%emt 00:02:59]} a5 {[%clk 00:47:21]} {[%emt
00:03:36]} 14. a3 {[%clk 00:06:22]} {[%emt 00:15:28]} axb4 {[%clk 00:36:14]}
{[%emt 00:11:37]} 15. axb4 {[%clk 00:06:48]} {[%emt 00:00:05]} Ra3 {[%clk
00:33:16]} {[%emt 00:03:27]} 16. Bxg7 {[%clk 00:06:34]} {[%emt 00:00:44]} Kxg7
{[%clk 00:33:44]} {[%emt 00:00:02]} 17. Kb2 {[%clk 00:03:11]} {[%emt 00:03:53]}
Qa8 {[%clk 00:33:19]} {[%emt 00:00:55]} 18. cxb5 {[%clk 00:03:30]} {[%emt
00:00:11]} Rb8 {[%clk 00:20:28]} {[%emt 00:13:20]} 19. Bc4 {[%clk 00:02:01]}
{[%emt 00:01:58]} c5 {[%clk 00:16:36]} {[%emt 00:04:23]} 20. dxc6 {[%clk
00:01:50]} {[%emt 00:00:41]} Bxc6 {[%clk 00:16:56]} {[%emt 00:00:10]} 21. bxc6
{[%clk 00:01:48]} {[%emt 00:00:33]} Nc5 {[%clk 00:17:15]} {[%emt 00:00:09]} 22.
b5 {[%clk 00:00:45]} {[%emt 00:01:34]} Qa5 {[%clk 00:15:09]} {[%emt 00:02:35]}
23. Nb1 {[%clk 00:00:37]} {[%emt 00:00:38]} Rxb5+ {[%clk 00:14:42]} {[%emt
00:00:57]} 24. Kc1 {[%clk 00:00:41]} {[%emt 00:00:26]} Rb4 {[%clk 00:05:38]}
{[%emt 00:09:34]} 25. Bd5 {[%clk 00:00:33]} {[%emt 00:00:39]} Nxd5 {[%clk
00:04:44]} {[%emt 00:01:24]} 26. Qxd5 {[%clk 00:00:43]} {[%emt 00:00:20]} Rxb1+
{[%clk 00:03:24]} {[%emt 00:01:50]} 27. Kxb1 {[%clk 00:00:55]} {[%emt
00:00:18]} Qb4+ {[%clk 00:03:17]} {[%emt 00:00:36]} 28. Kc2 {[%clk 00:01:01]}
{[%emt 00:00:24]} Qc3+ {[%clk 00:03:42]} {[%emt 00:00:06]} 29. Kb1 {[%clk
00:01:26]} {[%emt 00:00:04]} Ra1# {[%emt 00:00:06]} 0-1

[Event "ODJM A 2025"]
[Site "Willingen GER"]
[Date "2025.06.08"]
[Round "1"]
[White "Jürgenpott, Maximilian"]
[Black "Mimkes, Pavel"]
[Result "0-1"]
[Termination "normal"]
[Board "13"]
[WhiteElo "1867"]
[BlackElo "2064"]
[WhiteClock "00:00:57"]
[BlackClock "00:19:36"]
[PlyCount "52"]
[WhiteFideId "16297733"]
[BlackFideId "12990833"]
[EventCountry "GER"]
[EventRounds "9"]
[EventType "swiss"]
[EventDate "2025.06.07"]

1. Nf3 {[%clk 01:30:56]} {[%emt 00:00:04]} Nf6 {[%clk 01:30:55]} {[%emt
00:00:06]} 2. e3 {[%clk 01:31:21]} {[%emt 00:00:04]} b6 {[%clk 01:31:16]}
{[%emt 00:00:10]} 3. c4 {[%clk 01:31:45]} {[%emt 00:00:06]} Bb7 {[%clk
01:31:41]} {[%emt 00:00:05]} 4. Nc3 {[%clk 01:32:07]} {[%emt 00:00:07]} e6
{[%clk 01:32:00]} {[%emt 00:00:11]} 5. b3 {[%clk 01:32:31]} {[%emt 00:00:06]}
Be7 {[%clk 01:32:01]} {[%emt 00:00:30]} 6. Bb2 {[%clk 01:32:53]} {[%emt
00:00:07]} O-O {[%clk 01:32:16]} {[%emt 00:00:18]} 7. d4 {[%clk 01:33:16]}
{[%emt 00:00:05]} d5 {[%clk 01:32:19]} {[%emt 00:00:27]} 8. Bd3 {[%clk
01:33:38]} {[%emt 00:00:08]} Nbd7 {[%clk 01:32:10]} {[%emt 00:00:39]} 9. O-O
{[%clk 01:28:39]} {[%emt 00:05:28]} Ne4 {[%clk 01:28:10]} {[%emt 00:04:31]} 10.
cxd5 {[%clk 01:21:36]} {[%emt 00:07:33]} exd5 {[%clk 01:27:58]} {[%emt
00:00:43]} 11. Ne2 {[%clk 01:21:27]} {[%emt 00:00:39]} Bd6 {[%clk 01:20:54]}
{[%emt 00:07:33]} 12. Ne5 {[%clk 01:17:33]} {[%emt 00:04:24]} f6 {[%clk
01:18:21]} {[%emt 00:03:03]} 13. Nxd7 {[%clk 01:16:54]} {[%emt 00:01:10]} Qxd7
{[%clk 01:18:43]} {[%emt 00:00:08]} 14. f3 {[%clk 01:16:14]} {[%emt 00:01:09]}
Ng5 {[%clk 01:16:16]} {[%emt 00:02:57]} 15. Ng3 {[%clk 01:11:05]} {[%emt
00:05:38]} f5 {[%emt 00:13:32]} 16. Qc2 {[%clk 01:04:19]} {[%emt 00:01:08]} g6
{[%clk 01:09:07]} {[%emt 00:00:46]} 17. Rfe1 {[%clk 00:48:40]} {[%emt
00:16:08]} Rae8 {[%clk 01:07:20]} {[%emt 00:02:18]} 18. Nf1 {[%clk 00:46:13]}
{[%emt 00:02:56]} f4 {[%clk 00:49:30]} {[%emt 00:18:21]} 19. h4 {[%clk
00:25:32]} {[%emt 00:21:11]} Ne6 {[%clk 00:41:15]} {[%emt 00:08:44]} 20. e4
{[%emt 00:04:12]} c5 {[%clk 00:34:36]} {[%emt 00:07:01]} 21. e5 {[%clk
00:08:06]} {[%emt 00:14:24]} Be7 {[%clk 00:33:15]} {[%emt 00:01:50]} 22. h5
{[%clk 00:06:32]} {[%emt 00:02:05]} cxd4 {[%clk 00:23:10]} {[%emt 00:10:35]}
23. Bxg6 {[%clk 00:03:02]} {[%emt 00:03:59]} d3 {[%clk 00:18:50]} {[%emt
00:04:51]} 24. Qxd3 {[%clk 00:01:57]} {[%emt 00:01:34]} Bc5+ {[%clk 00:19:04]}
{[%emt 00:00:16]} 25. Kh1 {[%clk 00:01:30]} {[%emt 00:00:57]} hxg6 {[%clk
00:19:16]} {[%emt 00:00:18]} 26. Qxg6+ {[%clk 00:00:57]} {[%emt 00:01:03]} Qg7
{[%clk 00:19:36]} {[%emt 00:00:09]} 0-1

[Event "ODJM A 2025"]
[Site "Willingen GER"]
[Date "2025.06.08"]
[Round "1"]
[White "Longo, Massimo"]
[Black "Schmidt, Boris"]
[Result "1-0"]
[Termination "normal"]
[Board "14"]
[WhiteElo "2081"]
[BlackElo "1930"]
[WhiteClock "00:05:43"]
[BlackClock "00:40:52"]
[PlyCount "73"]
[WhiteFideId "16205227"]
[BlackFideId "16238036"]
[EventCountry "GER"]
[EventRounds "9"]
[EventType "swiss"]
[EventDate "2025.06.07"]

1. d4 {[%clk 01:30:57]} {[%emt 00:00:02]} Nf6 {[%clk 01:30:57]} {[%emt
00:00:04]} 2. c4 {[%clk 01:31:22]} {[%emt 00:00:06]} c6 {[%clk 01:31:24]}
{[%emt 00:00:02]} 3. Nc3 {[%clk 01:31:46]} {[%emt 00:00:06]} d5 {[%clk
01:31:50]} {[%emt 00:00:04]} 4. Nf3 {[%clk 01:32:02]} {[%emt 00:00:14]} dxc4
{[%clk 01:32:16]} {[%emt 00:00:05]} 5. a4 {[%clk 01:32:27]} {[%emt 00:00:05]}
Bf5 {[%clk 01:32:43]} {[%emt 00:00:03]} 6. e3 {[%clk 01:32:48]} {[%emt
00:00:08]} Nbd7 {[%clk 01:33:05]} {[%emt 00:00:09]} 7. Bxc4 {[%clk 01:32:39]}
{[%emt 00:00:40]} e6 {[%clk 01:33:31]} {[%emt 00:00:04]} 8. O-O {[%clk
01:32:57]} {[%emt 00:00:12]} Nb6 {[%clk 01:33:42]} {[%emt 00:00:20]} 9. Bd3
{[%clk 01:20:58]} {[%emt 00:12:29]} Bxd3 {[%clk 01:31:55]} {[%emt 00:02:17]}
10. Qxd3 {[%clk 01:18:47]} {[%emt 00:02:40]} a5 {[%clk 01:31:32]} {[%emt
00:00:54]} 11. e4 {[%clk 01:16:51]} {[%emt 00:02:25]} Be7 {[%clk 01:31:56]}
{[%emt 00:00:06]} 12. Bf4 {[%clk 01:09:52]} {[%emt 00:07:30]} O-O {[%clk
01:32:19]} 13. Rfd1 {[%clk 01:09:09]} {[%emt 00:01:19]} Qe8 {[%clk 01:25:22]}
14. h3 {[%clk 01:00:53]} {[%emt 00:16:12]} Bb4 {[%clk 01:21:05]} 15. Na2 {[%clk
00:37:07]} {[%emt 00:29:04]} Qe7 {[%clk 01:09:19]} 16. Bg5 {[%clk 00:30:32]}
{[%emt 00:19:20]} h6 {[%clk 01:09:44]} 17. Bh4 {[%clk 00:28:56]} {[%emt
00:02:11]} Qc7 {[%clk 01:07:14]} 18. Nxb4 {[%clk 00:24:48]} {[%emt 00:07:38]}
axb4 {[%clk 01:07:40]} 19. Bg3 {[%clk 00:24:36]} {[%emt 00:00:46]} Qe7 {[%clk
01:04:35]} 20. a5 {[%clk 00:24:04]} {[%emt 00:04:37]} Nbd7 {[%clk 01:04:11]}
21. Nd2 {[%clk 00:20:21]} {[%emt 00:05:07]} Ra6 {[%clk 00:58:58]} 22. Nc4
{[%clk 00:19:03]} {[%emt 00:07:31]} Rfa8 {[%clk 00:51:00]} 23. Bd6 {[%clk
00:15:28]} {[%emt 00:12:33]} Qd8 {[%clk 00:51:26]} 24. Rac1 {[%clk 00:14:57]}
{[%emt 00:01:05]} b5 {[%clk 00:49:50]} 25. axb6 {[%clk 00:14:57]} {[%emt
00:02:37]} Nxb6 {[%clk 00:50:05]} 26. Bxb4 {[%clk 00:13:08]} {[%emt 00:02:33]}
Ra4 {[%clk 00:50:27]} 27. Nxb6 {[%clk 00:12:25]} {[%emt 00:01:23]} Qxb6 {[%clk
00:50:50]} 28. Bc3 {[%clk 00:12:38]} {[%emt 00:00:22]} Qb3 {[%clk 00:46:56]}
29. f3 {[%clk 00:11:31]} {[%emt 00:06:01]} Ra2 {[%clk 00:44:11]} 30. Kh1 {[%clk
00:09:34]} {[%emt 00:05:42]} Ne8 {[%clk 00:40:51]} 31. Qc2 {[%clk 00:07:45]}
{[%emt 00:06:09]} Qb5 {[%clk 00:40:18]} 32. Qd3 {[%clk 00:08:10]} {[%emt
00:01:08]} Qb3 {[%clk 00:40:38]} 33. Qc2 {[%clk 00:08:34]} {[%emt 00:00:17]}
Qb5 {[%clk 00:41:02]} 34. d5 {[%clk 00:07:50]} {[%emt 00:01:19]} cxd5 {[%clk
00:41:08]} 35. exd5 {[%clk 00:08:16]} {[%emt 00:00:29]} exd5 {[%clk 00:40:37]}
36. Qf5 {[%clk 00:08:21]} {[%emt 00:01:24]} Rd8 {[%clk 00:40:52]} 37. Rd4
{[%clk 00:05:43]} {[%emt 00:03:23]} 1-0